Bijdrage tot oordeelkundig beheer van het duinwaterkapitaal, (Record no. 28221)

MARC details
000 -LEADER
fixed length control field 00926cam a22002651 4500
001 - CONTROL NUMBER
control field gs 47000342
003 - CONTROL NUMBER IDENTIFIER
control field DLC
005 - DATE AND TIME OF LATEST TRANSACTION
control field 20260227111353.0
008 - FIXED-LENGTH DATA ELEMENTS--GENERAL INFORMATION
fixed length control field 750917s1941 xx 000 0 dut
010 ## - LIBRARY OF CONGRESS CONTROL NUMBER
LC control number gs 47000342
035 ## - SYSTEM CONTROL NUMBER
System control number (OCoLC)1632122
040 ## - CATALOGING SOURCE
Original cataloging agency DLC
Transcribing agency GAT
Modifying agency OCoLC
-- DLC
042 ## - AUTHENTICATION CODE
Authentication code premarc
050 00 - LIBRARY OF CONGRESS CALL NUMBER
Classification number TD277
Item number .L5
100 1# - MAIN ENTRY--PERSONAL NAME
Personal name Lindenbergh, Pieter Cornelis,
Dates associated with a name 1896-
245 10 - TITLE STATEMENT
Title Bijdrage tot oordeelkundig beheer van het duinwaterkapitaal,
Statement of responsibility, etc. door Pieter Cornelis Lindenbergh.
260 ## - PUBLICATION, DISTRIBUTION, ETC.
Place of publication, distribution, etc. Leiden,
Name of publisher, distributor, etc. N. v. boek- en steendrukkerij Eduard IJdo
Date of publication, distribution, etc. [1941?]
300 ## - PHYSICAL DESCRIPTION
Extent xi, 188 p.
Other physical details illus., maps, profiles, tables, diagrs.
Dimensions 24 cm.
502 ## - DISSERTATION NOTE
Dissertation note Proefschrift--Technische Hoogeschool, Delft.
500 ## - GENERAL NOTE
General note Vita: p. [182]
504 ## - BIBLIOGRAPHY, ETC. NOTE
Bibliography, etc. note "Literatuurlijst": p. [177]-181.
650 #0 - SUBJECT ADDED ENTRY--TOPICAL TERM
Topical term or geographic name entry element Water-supply
Geographic subdivision Netherlands
-- Leiden.
610 20 - SUBJECT ADDED ENTRY--CORPORATE NAME
Corporate name or jurisdiction name as entry element Leidsche Duinwater Maatschappij.
650 #0 - SUBJECT ADDED ENTRY--TOPICAL TERM
Topical term or geographic name entry element Groundwater
Geographic subdivision Netherlands.

No items available.

Powered by Koha